| 000 | 00567nam a2200229 a 4500 | ||
|---|---|---|---|
| 999 |
_c5944 _d5944 |
||
| 001 | 5944 | ||
| 003 | BD-JhCC | ||
| 005 | 20180102093210.0 | ||
| 008 | 171231s1963 e |||| ||a| 000 0 eng d | ||
| 035 | _a(BD-JhCC) 5944 | ||
| 040 |
_aBD-JhCC _dBD-JhCC |
||
| 041 | _aeng | ||
| 082 |
_a610.72 _bWAL 1963 |
||
| 100 | _aWalton, John | ||
| 245 |
_aPioneers of Medicine / _cJohn Walton |
||
| 260 |
_aLondon : _bLondon Oxford University Press , _c1963 |
||
| 300 |
_a72 p .: _c18 cm . |
||
| 650 | _aMedicine | ||
| 700 | _aH. McNICOL | ||
| 942 |
_2ddc _cBK |
||